RKL General Knowledge #1 - Statistics

General Stats
  • This quiz has been taken 4 times
  • The average score is 4 of 10
Answer Stats
Hint Answer % Correct
What's the longest track in the game? Rainbow Route
100%
Who is the only player to accumulate over 150 points but still lose their scrimmage? Henk
75%
Who has gained the most amount of points in a single day? Lynati/Nayley
75%
What team has had the most player transfers this season? Aurora Aces
50%
For what team did Napoleon used to play for at the start of S1? Team Ice
50%
Who has the highest point total in the game's history? ZeNo
50%
Who has accumulated the highest point total in RKL history? Zorces
25%
What was the biggest ever blowout? Karters of the Century vs The Pennies
0%
What player left this season due to ragequitting in a friendly? Manteigo
0%
Name the 3 finalists of the S1 Free For All Tournament Phoenix, Marios and Mcmo4eva
0%
No matching quizzes found
Score Distribution
Percent of People with Each Score
Percentile by Number Answered
Your Score History
You have not taken this quiz